00974cam a2200241 a 4500020003200000020001500032040000800047082002600055100001900081245004100100260004500141300003500186500002000221650003400241650002500275856007300300856006400373856005600437856006800493942000700561999001700568952014700585 a0072194340 (electronic bk.) a0072126639 cUKM00a005 OSB 2001 A006 Or.1 aFeiler, Jesse.10aMac OS X :bthe complete reference / aNew York :bOsborne/McGraw-Hill,cc2001. axxxv, 763 p. :bill. ;c24 cm. aIncludes index. 0aOperating systems (Computers) 0aMacintosh (Computer)41uhttp://www.netLibrary.com/urlapi.asp?action=summary&v=1&bookid=6596642uhttp://www.loc.gov/catdir/description/mh022/2002275312.html41uhttp://www.loc.gov/catdir/toc/mh021/2002275312.html42uhttp://www.loc.gov/catdir/enhancements/fy0707/2002275312-b.html cEK c11972d11972 0010406005_000000000000000_OSB_2001_A006_OR70960884aLBAbLBAcA006d2017-08-08o005 OSB 2001 A006 Or.pA14222r2017-08-08w2017-08-08yEK